Дело об исполнении двенадцатого пункта завещания графа Н.П. Шереметева о воспитании и обучении его воспитанника Николая Петрович...

Доступно только в Электронных читальных залах Найти на картеНа карте
RUSMARC
00003915nmc2a22002533x 450
0014fa75314-7c2e-4568-9a9a-9d18e374831a
00520230909132747.0
100##$a20230424l18091816k l0rusy0189 ca
1010#$arus
102##$aRU
105##$aa###
1222#$ad
2001#$aДело об исполнении двенадцатого пункта завещания графа Н.П. Шереметева о воспитании и обучении его воспитанника Николая Петровича Калмыкова
$j2 сентября 1809 г. - 5 апреля 1816 г.
215##$a68 л.
$cрис.
$d36,5х26 см
251##$cДело
300##$a"Воспитанники" (внебрачные дети) графа Н.П. Шереметева. Николай Петрович Калмыков
300##$aПриложение: ученические тетради, прописи и рисунки Калмыкова
371##$aДокумент не является опубликованным и широко распространяемым
461#0$100198b93a77-94f0-46bb-a7e0-b5027cc72a67
$12001
$aШереметевы, графы
$1251
$cФонд
$1852
$j1088
462#0$1001d3ce280e-361b-49f4-86d2-e1a120f828b4
$12001
$aЛичные документы, переписка и документы, связанные со служебной и общественной деятельностью графов Бориса Петровича, Петра Борисовича, Николая Петровича и Дмитрия Шереметевых
$1251
$cОпись
$1852
$j1
801#0$aRU
$bРГИА
$c20230424
$gRCR
801#1$aRU
$bГлавНИВЦ
$c20230424
$2rusmarc
801#2$aRU
$bПБ им. Б.Н. Ельцина
$c20230909
$gRCR
$2rusmarc
850##$aРГИА
852##$aРГИА
$eФедеральное казенное учреждение "Российский государственный исторический архив" (РГИА)
$j786
937##$hРГИА
$d12399796
$aASBIBLIO_SCAN
035##$aRusGRCC00060292
856##$uhttp://readingroom.main.prlib.ru/item.aspx?id_node=n187469242&mode=full
Формат отображения